Países que más visitan la India - Estadísticas

Estadísticas generales
  • Esta prueba ha sido intentada 1.689 veces
  • La puntuación promedio es 8 de 10
Estadísticas de respuestas
# de visitantes País % Correcto
205.383 Singapur
97%
1.804.586 Estados Unidos
96%
206.855 Francia
88%
1.022.587 Reino Unido
87%
256.348 Alemania
83%
476.273 Canadá
80%
518.205 Australia
78%
1.750.165 Bangladés
72%
281.827 Sri Lanka
59%
307.526 Malasia
41%
No se encontraron pruebas coincidentes
Distribución de puntuación
Porcentaje de gente con cada puntuación
Porcentaje por número respondido
Historial de tus puntuaciones
No has intentado esta prueba.